[Event "Campodarsego op-B 17th"]
[Site "Campodarsego"]
[Date "2006.01.22"]
[Round "4"]
[White "Palumbo, Giuseppe"]
[Black "Camosi, Roberto"]
[Result "1-0"]
[WhiteElo "1631"]
[BlackElo "1703"]
[PlyCount "67"]
[EventDate "2006.01.20"]
[EventType "swiss"]
[EventRounds "5"]
[EventCountry "ITA"]
[SourceTitle "EXT 2011"]
[Source "ChessBase"]
[SourceDate "2010.11.26"]
[SourceVersion "1"]
[SourceVersionDate "2010.11.26"]
[SourceQuality "1"]

1. e4 e5 2. Nf3 Nc6 3. Bc4 Nf6 4. d3 h6 5. Nc3 Bc5 6. 0-0 0-0 7. Bd2 a6 8. Qc1 Kh7 9. a3 d6 10. h3 Be6 11. Nd5 Nd4 12. Nxd4 Bxd4 13. Be3 Ba7 14. Bxa7 Rxa7 15. Qe3 Ra8 16. f4 Nxd5 17. exd5 b5 18. Ba2 Bd7 19. fxe5 Qe7 20. e6 c6 21. Qe4+ Kh8 22. exd7 Qxd7 23. dxc6 Qc7 24. Bd5 Rae8 25. Qf3 Re5 26. Rae1 Qe7 27. Rxe5 dxe5 28. Qe3 f6 29. Qb6 Qd6 30. Be4 Rd8 31. c3 Rb8 32. Qxa6 Qc5+ 33. Kh1 Qe3 34. c7 1-0